000 00890nam a2200253Ia 4500
003 OSt
005 20220923212203.0
006 a|||||r|||| 00| 0
007 ta
008 220922b |||||||| |||| 00| 0 hin d
024 _a151,510
037 _cTextual
040 _aARTS
_cARTS
_bhin
041 _2hin
_ahin
082 _aO11195:g, 152K5
100 _aवार्ष्णेय, लक्ष्मी सागर
245 0 _aपश्चिमी आलोचना शास्त्र
246 _aPashchimī ālochanā shāstra
260 _aउतर प्रदेश
_b हिंदी समिति
_c1965
300 _a410पृ.
_ccm.
650 _aअंग्रेजी साहित्य
_9156276
942 _hO11195:g, 152K5
_cTEXL
_2CC
999 _c307183
_d307183